[Event "15PCR_PF6"]
[Site "?"]
[Date "2004.??.??"]
[Round "2"]
[White "Hrubcik, Martin"]
[Black "Jarabinsky, Martin"]
[Result "1-0"]
[WhiteElo "2072"]
[BlackElo "2116"]
[PlyCount "87"]
[EventDate "2004.??.??"]
[EventType "corr"]
[EventRounds "2"]
[SourceDate "2005.03.08"]

1. e4 c5 2. Nf3 e6 3. d4 cxd4 4. Nxd4 Bc5 5. Nb3 Bb6 6. Nc3 Ne7 7. Qh5 O-O 8.
Bg5 Nbc6 9. Rd1 Nb4 10. Rd2 d5 11. a3 f6 12. Bf4 Nbc6 13. exd5 exd5 14. Bd3 g6
15. Qe2 Bd7 16. O-O Kg7 17. Nb5 g5 18. Bg3 f5 19. Be5+ Kg8 20. Bc3 Qe8 21. a4
a6 22. a5 axb5 23. axb6 b4 24. Be5 f4 25. Nc5 f3 26. Qe3 Ng6 27. Bxg6 hxg6 28.
Bd6 Rf6 29. Qxe8+ Rxe8 30. Rxd5 fxg2 31. Kxg2 Bf5 32. Rd2 Na5 33. b3 Rc8 34.
Bc7 Rc6 35. Rd5 Bxc2 36. Rc1 Bf5 37. Re1 Rf8 38. h3 g4 39. hxg4 Bxg4 40. f4 Bf5
41. Kg1 Bg4 42. Kf2 Bf5 43. Re2 Rc8 44. Ra2 1-0

[Event "15PCR_PF6"]
[Site "?"]
[Date "2004.??.??"]
[Round "1"]
[White "Blazek, Jaroslav"]
[Black "Jarabinsky, Martin"]
[Result "1-0"]
[WhiteElo "2214"]
[BlackElo "2116"]
[PlyCount "111"]
[EventDate "2004.??.??"]
[EventType "corr"]
[EventRounds "2"]
[SourceDate "2005.03.08"]

1. d4 Nf6 2. c4 c5 3. d5 e6 4. Nc3 exd5 5. cxd5 d6 6. e4 a6 7. a4 g6 8. Be2 Bg7
9. Nf3 Bg4 10. Nd2 Bxe2 11. Qxe2 O-O 12. O-O Nbd7 13. Nc4 Nb6 14. Ne3 Qe7 15.
a5 Nbd7 16. Nc4 Ne5 17. Nb6 Rae8 18. Bg5 h6 19. Bh4 g5 20. Bg3 Nfd7 21. Nxd7
Nxd7 22. Qd1 Ne5 23. Re1 Qd8 24. Qe2 Kh7 25. Qc2 h5 26. Bxe5 Bxe5 27. Nb1 g4
28. Nd2 h4 29. Nc4 Qf6 30. Nxe5 Qxe5 31. Re3 Rg8 32. Rf1 h3 33. gxh3 f5 34.
Rfe1 gxh3+ 35. Kh1 Rg7 36. Qd3 Qf4 37. Rxh3+ Kg8 38. f3 fxe4 39. fxe4 Qf2 40.
Qe2 Rf8 41. Re3 Rg5 42. Qxf2 Rxf2 43. R3e2 Rgg2 44. Rxf2 Rxf2 45. b4 cxb4 46.
Rb1 Rf7 47. Rxb4 Kg7 48. Kg2 Kf6 49. h4 Ke5 50. Kg3 Rg7+ 51. Kf3 Rh7 52. Kg4
Rg7+ 53. Kh5 Rg8 54. Rxb7 Kxe4 55. Kh6 Kxd5 56. h5 1-0